A TEXT BOOK OF MEDICINAL CHEMISTRY - I (Record no. 5791)

MARC details
000 -LEADER
fixed length control field 00464nam a22001817a 4500
005 - DATE AND TIME OF LATEST TRANSACTION
control field 20230116100711.0
008 - FIXED-LENGTH DATA ELEMENTS--GENERAL INFORMATION
fixed length control field 190326b xxu||||| |||| 00| 0 eng d
020 ## - INTERNATIONAL STANDARD BOOK NUMBER
ISBN 978-93-88706-06-3
041 ## - LANGUAGE CODE
Language code of text/sound track or separate title eng
082 ## - DEWEY DECIMAL CLASSIFICATION NUMBER
Classification number 515.19
Item number BOT-T
100 ## - MAIN ENTRY--AUTHOR NAME
Personal name BOTHARA ,Dr. K.G
245 ## - TITLE STATEMENT
Title A TEXT BOOK OF MEDICINAL CHEMISTRY - I
250 ## - EDITION STATEMENT
Edition statement 1 st , 2019
260 ## - PUBLICATION, DISTRIBUTION, ETC. (IMPRINT)
Place of publication PUNE
Name of publisher NIRALI PRAKASHAN
300 ## - PHYSICAL DESCRIPTION
Number of Pages S.20 p,
650 ## - SUBJECT ADDED ENTRY--TOPICAL TERM
Topical Term PHARMACY
General subdivision B.PHARMA
942 ## - ADDED ENTRY ELEMENTS (KOHA)
Koha item type Books
Holdings
Lost status Damaged status Collection code Home library Current library Shelving location Date acquired Source of acquisition Cost, normal purchase price Full call number Accession Number Koha item type
    PHARMACY JRU Library JRU Library SHELF-18-B 26/03/2019 PURCHESS 260.00 515.19 BOT-T 22560 Books
    PHARMACY JRU Library JRU Library SHELF-18-B 26/03/2019 PURCHESS 260.00 515.19 BOT-T 22561 Books
    Reference JRU Library JRU Library SHELF-4-B 26/03/2019 PURCHESS 260.00 615.19 22562 Books
    PHARMACY JRU Library JRU Library SHELF-18-B 10/02/2022 PURCHASE 300.00 615.19 26211 Books
    PHARMACY JRU Library JRU Library SHELF-18-B 10/02/2022 PURCHASE 300.00 615.19 26212 Books
    PHARMACY JRU Library JRU Library SHELF-18-B 10/02/2022 PURCHASE 300.00 615.19 26213 Books